000 00577nam a2200181Ia 4500
005 20250508154706.0
008 008 250505s9999 xx 000 0 eng d
037 _aTextual
040 _aFEDL
_beng
_cFEDL
041 _aeng
_2eng
084 _a540, MEN
_qFEDL
100 _aMendiratta M R
_9765873
245 0 _aIntroduction to chemical calculations for intermediate, higher secondary and senior cambridge examinations
260 _aNew Delhi, India
_bM S Publications
_c1966
300 _aviii,335p
942 _cTEXL
_h540, MEN
999 _c1351627
_d1351627